A2 Business studies: Unit 4 (Record no. 4008)

MARC details
005 - DATE AND TIME OF LATEST TRANSACTION
control field 20250613145949.0
020 ## - INTERNATIONAL STANDARD BOOK NUMBER
International Standard Book Number 978-0-86003-498-8
082 ## - DEWEY DECIMAL CLASSIFICATION NUMBER
Classification number LECT 658.8 ALL
100 ## - MAIN ENTRY--PERSONAL NAME
Author name ALLAN, P.
245 ## - TITLE STATEMENT
Title A2 Business studies: Unit 4
260 ## - PUBLICATION, DISTRIBUTION, ETC.
Place of publication, distribution, etc. London,
Name of publisher, distributor, etc. Student Unit Guides,
Date of publication, distribution, etc. 2001.
300 ## - PHYSICAL DESCRIPTION
Extent 86p.: ill.; figure, graph, table.
Dimensions 24cm.
700 ## - ADDED ENTRY--PERSONAL NAME
Other authors/Editors SURRIDGE, M. & WOLINSKI, J.
856 ## - ELECTRONIC LOCATION AND ACCESS
Link text Access online book
Electronic name A2 Business studies: Unit 4
Path www.philipallan.co.uk
942 ## - ADDED ENTRY ELEMENTS (KOHA)
Source of classification or shelving scheme Dewey Decimal Classification
Koha item type Books
Holdings
Date last seen Total checkouts Full call number Barcode Cost, replacement price Price effective from Koha item type Lost status Source of classification or shelving scheme Damaged status Not for loan Withdrawn status Home library Current library Shelving location Date acquired Cost, normal purchase price
06/13/2025   LECT 658.8 ALL 00000012983 90000.00 06/13/2025 Books   Dewey Decimal Classification       College of Business Education Main Library College of Business Education Main Library General Collection 08/17/2011 30000.00
06/13/2025   LECT 658.8 ALL 00000012984 90000.00 06/13/2025 Books   Dewey Decimal Classification       College of Business Education Main Library College of Business Education Main Library General Collection 08/17/2011 30000.00